| 000 | 00881nam a22002177a 4500 | ||
|---|---|---|---|
| 003 | 0 | ||
| 005 | 20250120105531.0 | ||
| 008 | 151016b xxu||||| |||| 00| 0 eng d | ||
| 050 |
_aPHS QK 898.F3 _b.C117 2015 |
||
| 100 | _aCabral, Angelica Joy | ||
| 245 |
_aThe effect of Pseudomonas aeruginosa (Schroeter) Migula augmentation on crude fat degradation and macronutrients content of soil samples from the shores of Manila Bay _cAngelica Joy Cabral |
||
| 260 |
_aLas PiƱas, Philippines : _bSouthville International School and Colleges, _c2015. |
||
| 300 |
_aii, 44 p. : _bill. ; _c28 cm. |
||
| 504 | _aIncludes bibliographical references. | ||
| 650 |
_aSoil fertility _vCrude fat degradation. |
||
| 650 |
_aSoil _vMacronutrients. |
||
| 650 |
_aSoil remediation _vBacterial augmentation. |
||
| 650 | _aPseudomonas aeruginosa. | ||
| 650 | _aSoil microbiology. | ||
| 942 |
_2lcc _cPASS |
||
| 999 |
_c288874 _d288874 |
||